[Event "Los Angeles Metropolitan 18th"]
[Site "Los Angeles"]
[Date "2012.04.12"]
[Round "2"]
[White "Remlinger, Larry"]
[Black "Duckworth, William Mark"]
[Result "1/2-1/2"]
[WhiteElo "2399"]
[BlackElo "2317"]
[PlyCount "57"]
[EventDate "2012.04.11"]
[EventType "tourn"]
[EventRounds "9"]
[EventCountry "USA"]
[EventCategory "2"]
[SourceTitle "CBM 148 Extra"]
[Source "ChessBase"]
[SourceDate "2012.06.22"]
[SourceVersion "1"]
[SourceVersionDate "2012.06.22"]
[SourceQuality "1"]

1. d4 Nf6 2. c4 c5 3. d5 e5 4. Nc3 d6 5. e4 Nbd7 6. g3 g6 7. Bg2 Bg7 8. Nge2 0-0 9. 0-0 a6 10. a3 Rb8 11. a4 Qe8 12. Qc2 Ng4 13. f3 Nh6 14. g4 f6 15. Be3 Nf7 16. Qd2 Nb6 17. b3 Bd7 18. Ng3 Nc8 19. Rfb1 Ne7 20. b4 b6 21. Rb2 a5 22. bxa5 bxa5 23. Rxb8 Qxb8 24. Rb1 Qc8 25. Nb5 Qd8 26. Bf2 Bh6 27. Qc3 Qb6 28. Na3 Qc7 29. Nb5 1/2-1/2

[Event "Los Angeles Metropolitan 18th"]
[Site "Los Angeles"]
[Date "2012.04.11"]
[Round "1"]
[White "Duckworth, William Mark"]
[Black "Kavutskiy, Konstantin"]
[Result "1/2-1/2"]
[WhiteElo "2317"]
[BlackElo "2302"]
[PlyCount "96"]
[EventDate "2012.04.11"]
[EventType "tourn"]
[EventRounds "9"]
[EventCountry "USA"]
[EventCategory "2"]
[SourceTitle "CBM 148 Extra"]
[Source "ChessBase"]
[SourceDate "2012.06.22"]
[SourceVersion "1"]
[SourceVersionDate "2012.06.22"]
[SourceQuality "1"]

1. f4 d5 2. e3 Nc6 3. Bb5 Nf6 4. Nf3 Bg4 5. h3 Bxf3 6. Bxc6+ bxc6 7. Qxf3 e6 8. b3 Ne4 9. 0-0 Qf6 10. c3 Nc5 11. Ba3 Qf5 12. Bxc5 Bxc5 13. d4 Bd6 14. Qe2 0-0 15. Nd2 c5 16. e4 dxe4 17. Qxe4 Qxe4 18. Nxe4 cxd4 19. Nxd6 cxd6 20. cxd4 Rfc8 21. Rfc1 Kf8 22. Kf2 Ke7 23. Ke3 Kd7 24. Ke4 h5 25. g3 Rab8 26. Rab1 f6 27. Kd3 Rg8 28. Rc4 g5 29. Rbc1 Rb7 30. f5 exf5 31. Rf1 f4 32. gxf4 g4 33. hxg4 hxg4 34. Ke4 Rb5 35. d5 f5+ 36. Kxf5 Rxd5+ 37. Ke4 Rd2 38. Ra4 g3 39. Rxa7+ Ke6 40. Ke3 g2 41. Re1 Rb2 42. Kf3+ Kf6 43. Rg1 Rc8 44. Ra5 Rc3+ 45. Kg4 Rd3 46. Re1 Rf2 47. Rf5+ Kg6 48. Rg5+ Kf6 1/2-1/2

[Event "Los Angeles Metropolitan 17th"]
[Site "Los Angeles"]
[Date "2012.04.01"]
[Round "8"]
[White "Clawitter, Craig"]
[Black "Duckworth, William Mark"]
[Result "0-1"]
[WhiteElo "2097"]
[BlackElo "2317"]
[PlyCount "62"]
[EventDate "2012.03.28"]
[EventType "tourn"]
[EventRounds "9"]
[EventCountry "USA"]
[EventCategory "1"]
[SourceTitle "CBM 147 Extra"]
[Source "ChessBase"]
[SourceDate "2012.04.24"]
[SourceVersion "1"]
[SourceVersionDate "2012.04.24"]
[SourceQuality "1"]

1. e4 Nc6 2. Nf3 e6 3. d4 d5 4. Nbd2 Nf6 5. e5 Ng8 6. Bd3 h6 7. c3 Qd7 8. h4 b6 9. b4 a5 10. b5 Na7 11. Rb1 Bb7 12. h5 0-0-0 13. 0-0 f5 14. Nh4 g5 15. hxg6 Be7 16. Ndf3 Kb8 17. g4 Bxh4 18. Nxh4 Qe7 19. gxf5 Qxh4 20. g7 Rh7 21. f6 Nxf6 22. exf6 Rxg7+ 23. fxg7 Rg8 24. Re1 Rxg7+ 25. Kf1 e5 26. Qf3 Bc8 27. Rxe5 Bg4 28. Qxd5 Qh3+ 29. Ke1 Qxd3 30. Qb3 Be6 31. Bg5 Bxb3 0-1

[Event "Los Angeles Metropolitan 17th"]
[Site "Los Angeles"]
[Date "2012.03.30"]
[Round "5"]
[White "Duckworth, William Mark"]
[Black "Akopian, Robert"]
[Result "0-1"]
[WhiteElo "2317"]
[BlackElo "2077"]
[PlyCount "74"]
[EventDate "2012.03.28"]
[EventType "tourn"]
[EventRounds "9"]
[EventCountry "USA"]
[EventCategory "1"]
[SourceTitle "CBM 147 Extra"]
[Source "ChessBase"]
[SourceDate "2012.04.24"]
[SourceVersion "1"]
[SourceVersionDate "2012.04.24"]
[SourceQuality "1"]

1. d4 Nf6 2. Nc3 g6 3. e4 d6 4. Be3 a6 5. f3 b5 6. Qd2 Nbd7 7. Nh3 Nb6 8. Nf2 Bg7 9. Bh6 Bxh6 10. Qxh6 b4 11. Ne2 c6 12. h4 Qc7 13. h5 Nxh5 14. Nd3 Nf6 15. e5 Nfd5 16. Qg7 Rf8 17. Rxh7 Bf5 18. Ng3 0-0-0 19. Nxf5 gxf5 20. 0-0-0 Ne3 21. Re1 Nbd5 22. Qh6 Nxf1 23. Rxf1 Qb6 24. Rxf7 Rxf7 25. Qe6+ Kb8 26. Qxf7 Qxd4 27. exd6 exd6 28. Qxf5 Qc4 29. Qg5 Re8 30. Qg6 Re2 31. Qxd6+ Kc8 32. Qf8+ Kc7 33. Qf7+ Kb6 34. Ne1 Qxa2 35. Kd1 Qc4 36. Qh7 Ne3+ 37. Kc1 Qa2 0-1

[Event "Los Angeles Metropolitan 17th"]
[Site "Los Angeles"]
[Date "2012.03.29"]
[Round "3"]
[White "Duckworth, William Mark"]
[Black "Visweswaran, Kameswaran"]
[Result "1-0"]
[WhiteElo "2317"]
[BlackElo "2281"]
[PlyCount "85"]
[EventDate "2012.03.28"]
[EventType "tourn"]
[EventRounds "9"]
[EventCountry "USA"]
[EventCategory "1"]
[SourceTitle "CBM 147 Extra"]
[Source "ChessBase"]
[SourceDate "2012.04.24"]
[SourceVersion "1"]
[SourceVersionDate "2012.04.24"]
[SourceQuality "1"]

1. d4 Nf6 2. Bg5 d5 3. Bxf6 gxf6 4. e3 c5 5. Nc3 e6 6. Qh5 Nc6 7. Nge2 cxd4 8. exd4 f5 9. h3 Qb6 10. 0-0-0 Bd7 11. g4 fxg4 12. hxg4 Bg7 13. Qg5 Kf8 14. Qd2 Rc8 15. Kb1 Na5 16. Nf4 Nc4 17. Bxc4 Rxc4 18. Nce2 Qb4 19. c3 Qe7 20. Nh5 Rg8 21. f3 b5 22. b3 Rc8 23. Kb2 Bh8 24. Qh6+ Ke8 25. Qxh7 Qg5 26. Qd3 Ke7 27. Nhf4 Kd6 28. Rh5 Qd8 29. Qe3 a5 30. Nd3 b4 31. cxb4 axb4 32. Nxb4 Qa5 33. a3 Ra8 34. Ra1 Rge8 35. Nc3 Kc7 36. Rh7 Kb8 37. Rxf7 Qc7 38. Rc1 Qd6 39. f4 Rc8 40. g5 Be8 41. Rh7 Qf8 42. Ne2 Bg6 43. Qxe6 1-0

[Event "Los Angeles Metropolitan 17th"]
[Site "Los Angeles"]
[Date "2012.03.29"]
[Round "2"]
[White "Tatum, Kofi Odell"]
[Black "Duckworth, William Mark"]
[Result "0-1"]
[WhiteElo "2045"]
[BlackElo "2317"]
[PlyCount "116"]
[EventDate "2012.03.28"]
[EventType "tourn"]
[EventRounds "9"]
[EventCountry "USA"]
[EventCategory "1"]
[SourceTitle "CBM 147 Extra"]
[Source "ChessBase"]
[SourceDate "2012.04.24"]
[SourceVersion "1"]
[SourceVersionDate "2012.04.24"]
[SourceQuality "1"]

1. Nf3 g6 2. e4 c5 3. Bc4 Nc6 4. 0-0 Bg7 5. c3 d6 6. d4 Nf6 7. e5 dxe5 8. dxe5 Qxd1 9. Rxd1 Ng4 10. e6 Bxe6 11. Bxe6 fxe6 12. Ng5 Nd8 13. Na3 0-0 14. f3 Ne5 15. Nb5 a6 16. Nc7 Rc8 17. Ncxe6 Nxe6 18. Nxe6 Rf6 19. Nd8 Rb6 20. a4 c4 21. a5 Rb5 22. Ne6 Nd3 23. Ra2 Rc6 24. Nxg7 Kxg7 25. Be3 Kf7 26. Rd2 Re6 27. Bf2 Ree5 28. h4 Rxa5 29. Rxa5 Rxa5 30. Re2 Ra1+ 31. Kh2 Ra2 32. Bg3 Rxb2 33. Re4 b5 34. Bc7 Rb3 35. Bd8 e5 36. f4 exf4 37. Re7+ Kf8 38. Rxh7 Rxc3 39. Bf6 Rc2 40. h5 gxh5 41. Kh3 Ne1 42. Rxh5 Nxg2 43. Kg4 Kf7 44. Bg5 Ke6 45. Rh6+ Ke5 46. Rxa6 Ne3+ 47. Kf3 Nd5 48. Ra8 Rc3+ 49. Kf2 Nf6 50. Kf1 Rb3 51. Bh6 Ke4 52. Bg5 Kf3 53. Ra1 Ne4 54. Bh4 Rb2 55. Be1 c3 56. Rd1 Nd2+ 57. Kg1 Rb1 58. Rxb1 Nxb1 0-1

[Event "Los Angeles Metropolitan 17th"]
[Site "Los Angeles"]
[Date "2012.03.28"]
[Round "1"]
[White "Casella, Michael"]
[Black "Duckworth, William Mark"]
[Result "1-0"]
[WhiteElo "2248"]
[BlackElo "2317"]
[PlyCount "67"]
[EventDate "2012.03.28"]
[EventType "tourn"]
[EventRounds "9"]
[EventCountry "USA"]
[EventCategory "1"]
[SourceTitle "CBM 147 Extra"]
[Source "ChessBase"]
[SourceDate "2012.04.24"]
[SourceVersion "1"]
[SourceVersionDate "2012.04.24"]
[SourceQuality "1"]

1. c4 Nf6 2. g3 e5 3. Bg2 g6 4. Nc3 Nc6 5. e4 Bg7 6. Nge2 d6 7. d3 0-0 8. 0-0 Ne7 9. h3 c6 10. Bg5 h6 11. Be3 d5 12. exd5 cxd5 13. Bc5 d4 14. Nb5 a6 15. Nd6 Qc7 16. Ba3 Nc6 17. f4 Rd8 18. fxe5 Nxe5 19. Nxc8 Raxc8 20. Nf4 Rd7 21. Qd2 h5 22. Rf2 Kh7 23. Raf1 b6 24. b3 Re8 25. Bb2 Qd6 26. Kh1 Bh6 27. Qd1 Bg7 28. Bc1 Rde7 29. Ne2 Nfd7 30. Bd5 Nc5 31. Bf4 Qd7 32. Bxe5 Qxh3+ 33. Rh2 Qg4 34. Bf3 1-0

[Event "Los Angeles Metropolitan op 1st"]
[Site "Los Angeles"]
[Date "2011.08.19"]
[Round "5"]
[White "Duckworth, William Mark"]
[Black "Yanayt, Eugene"]
[Result "1/2-1/2"]
[WhiteElo "2352"]
[BlackElo "2236"]
[PlyCount "112"]
[EventDate "2011.08.17"]
[EventType "swiss"]
[EventRounds "9"]
[EventCountry "USA"]
[SourceTitle "CBM 144 Extra"]
[Source "ChessBase"]
[SourceDate "2011.10.28"]
[SourceVersion "1"]
[SourceVersionDate "2011.10.28"]
[SourceQuality "1"]

1. d4 Nf6 2. c4 g6 3. Nc3 Bg7 4. e4 d6 5. f4 0-0 6. Nf3 c5 7. d5 e6 8. Be2 exd5 9. exd5 Bf5 10. 0-0 Na6 11. Bd3 Qd7 12. a3 Nc7 13. Nh4 Bxd3 14. Qxd3 Ng4 15. Nf3 f5 16. Bd2 Rfe8 17. Rae1 Rxe1 18. Rxe1 Re8 19. Nd1 Rxe1+ 20. Bxe1 Qe8 21. Bc3 Bxc3 22. Nxc3 Qe3+ 23. Qxe3 Nxe3 24. Nd2 Kf7 25. Kf2 Ng4+ 26. Kg3 h6 27. h3 Nf6 28. Kf3 b5 29. cxb5 Nfxd5 30. Nxd5 Nxd5 31. Nc4 Ke6 32. a4 Nb6 33. b3 Nxc4 34. bxc4 Kd7 35. a5 Kc7 36. g4 Kb7 37. Kg3 Kb8 38. gxf5 gxf5 39. Kh4 d5 40. cxd5 c4 41. d6 c3 42. d7 Kc7 43. b6+ axb6 44. a6 c2 45. a7 c1Q 46. d8Q+ Kxd8 47. a8Q+ Qc8 48. Qd5+ Ke7 49. Qe5+ Kf7 50. Kh5 Qe6 51. Qc7+ Kg8 52. Qd8+ Kg7 53. Qd4+ Qf6 54. h4 b5 55. Qg1+ Kf7 56. Qg8+ Kxg8 1/2-1/2